书目信息 |
| 题名: |
中国土地问题研究
|
|
| 作者: | ;南京地政研究所 编 | |
| 分册: | ||
| 出版信息: | 合肥 中国科学技术大学出版社 1998 |
|
| 页数: | 460页 | |
| 开本: | 20cm | |
| 丛书名: | 地政研究丛书 | |
| 单 册: | ||
| 中图分类: | F321.1 | |
| 科图分类: | ||
| 主题词: | 土地问题--研究--中国 | |
| 电子资源: | ||
| ISBN: | 7-312-00975-1 | |
| 000 | 00683nam0 2200217 450 | |
| 001 | 0729267978 | |
| 005 | 20070729094053.17 | |
| 010 | @a7-312-00975-1@dCNY25.00 | |
| 100 | @a20070727d1998 km y0chiy0120 ea | |
| 101 | 0 | @achi |
| 102 | @aCN@b340000 | |
| 200 | 1 | @a中国土地问题研究@Azhong guo tu di wen ti yan jiu@f南京地政研究所编@Fnan jing di zheng yan jiu suo bian |
| 210 | @a合肥@c中国科学技术大学出版社@d1998 | |
| 215 | @a460页@d20cm | |
| 225 | 2 | @a地政研究丛书@v4 |
| 410 | 0 | @12001 @a地政研究丛书 |
| 606 | 0 | @a土地问题@x研究@y中国 |
| 690 | @aF321.1@v3 | |
| 711 | 02 | @a南京地政研究所@Anan jing di zheng yan jiu suo@4编 |
| 801 | 0 | @aCN@bPFT@c20070729 |
| 905 | @a10447@dF321.1@e186 | |
| 中国土地问题研究/南京地政研究所编.-合肥:中国科学技术大学出版社,1998 |
| 460页;20cm.-(地政研究丛书;4) |
| ISBN 7-312-00975-1:CNY25.00 |
| ● |
| 相关链接 |
|
|
|
|
正题名:中国土地问题研究
索取号:F321.1/186
 
预约/预借
| 序号 | 登录号 | 条形码 | 馆藏地/架位号 | 状态 | 备注 |
| 1 | 0783930 | 207839302 | 第一样本阅览室/ [索取号:F321.1/186] | 在馆 |